4 Most Famous Cities in Guinea Bissau on a Map - Statistics

General Stats
  • This quiz has been taken 111 times
  • The average score is 2 of 4
Answers on the Map
Answers color-coded by a green-red scale on the quiz's map according to % correct below.
 
Answer Stats
Wiki Monthly Views Cityquiz Mention Rate Population Answers % Correct
20.11K 27.72% 387.91K Bissau
98%
0.85K 0.49% 43.56K Gabu
35%
1.02K 0.26% 29.56K Bafatá
34%
1.06K 0.14% 5.89K Cacheu
31%
No matching quizzes found
Score Distribution
Percent of People with Each Score
Percentile by Number Answered
Your Score History
You have not taken this quiz